Normal view
MARC view
- CALLMc,B.ROBERT
Entry Personal Name
001 - CONTROL NUMBER
- control field: 132261
003 - CONTROL NUMBER IDENTIFIER
- control field: NUST
005 - DATE AND TIME OF LATEST TRANSACTION
- control field: 20251215123903.0
008 - FIXED-LENGTH DATA ELEMENTS
- fixed length control field: 251215|| aca||aabn | a|a d
040 ## - CATALOGING SOURCE
- Original cataloging agency: NUST
- Transcribing agency: NUST
100 ## - HEADING--PERSONAL NAME
- Personal name: CALLMc,B.ROBERT
670 ## - SOURCE DATA FOUND
- Source citation: Work cat.: (NUST): CALLMc,B.ROBERT., STUDY GUIDE WITH PROGRAMED UNITS AND LEARNING OBJECTS TO ACCOMPANY KAGAN AND HAVEMANN'S PSYCHOLOGY AN INTRODUCTION /, 1980.
